Cost control in hospitals

Đã lưu trong:
Chi tiết về thư mục
Những tác giả chính: Griffith, John R (Tác giả), Hancock, Walton M (Tác giả), Munson, Fred C (Tác giả)
Định dạng: Sách
Ngôn ngữ:Tiếng Anh
Được phát hành: Ann Arbor Health Administration 1976
Những chủ đề:
Các nhãn: Thêm thẻ
Không có thẻ, Là người đầu tiên thẻ bản ghi này!

MARC

LEADER 00000nam a2200000 a 4500
001 UCU6706
003 CL-VaPUC
008 960621e19760000us |||||||||||||||||eng|d
082 0 4 |a 657.832  |b GRI  |2 21 
100 0 |a Griffith, John R  |e author  |9 365035 
700 0 |a Hancock, Walton M  |e author  |9 365036 
700 0 |a Munson, Fred C  |e author  |9 365037 
245 1 0 |a Cost control in hospitals 
300 |a 447 p 
942 |c BK 
945 |d 19960621 00:00:00  |a paguirre 
260 |a Ann Arbor  |b Health Administration  |c 1976 
650 0 |a Costos   |9 261063 
650 7 |a GASTOS  |2 CL-VaPUC  |9 357995 
650 0 |a Contabilidad de costos   |9 260564 
650 0 |a Hospitales   |9 335788 
650 0 |a Servicios de salud  |9 326442 
650 0 |a Administración  |9 259325 
583 |a last modification  |c 20150511 05:05:13  |k Rodrigo Vera 
999 |c 249530  |d 249528 
952 |0 0  |1 0  |4 0  |6 657_832000000000000_GRI_1976  |7 0  |8 A  |9 266817  |a BIBING  |b BIBING  |d 2019-11-19  |i 1690051  |o 657.832 GRI 1976  |p 1690051  |r 2025-01-20  |w 2019-11-19  |y BK  |k EII